| 000 | 00924nam a2200229 i 4500 | ||
|---|---|---|---|
| 001 | 145359 | ||
| 003 | ES-MaACL | ||
| 005 | 20250901232155.0 | ||
| 007 | t| | ||
| 008 | 070214s1923 sp |||| | spa d | ||
| 080 | _a338.23(460):336.74 | ||
| 100 | 1 |
_aSoro, Rafael. _9107411 |
|
| 245 | 1 | 3 |
_aEl problema monetario español : _b(necesidad de un criterio nacional) : [conferencia dada en el Ateneo de Madrid con ocasión del Primer Congreso del Comercio Español en Ultramar] / _cpor Rafael Soro. |
| 260 |
_aMadrid : _bSucesores de Rivadeneyra, _c1923. |
||
| 300 |
_a23 p. ; _c24 cm. |
||
| 610 | 2 | 4 |
_aAteneo de Madrid- _vConferencias- _y1900-1939 _91907 |
| 651 | 4 |
_aEspaña- _xPolítica monetaria- _y1902-1931. _9163300 |
|
| 711 | 2 |
_aCongreso Nacional del Comercio Español en Ultramar _n(1º. _d1923. _cMadrid. _cSevilla) _9149278 |
|
| 852 | 4 |
_aES-MaACL _j1652-F-11 |
|
| 852 | 4 |
_aES-MaACL _j1655-F-15 |
|
| 999 |
_c145359 _d145359 |
||